My war with worry. (Record no. 13704)

000 -LEADER
fixed length control field 00704nam a2200229 a 4500
001 - CONTROL NUMBER
control field :::00011527$&:&@@
003 - CONTROL NUMBER IDENTIFIER
control field OkBaRHE
005 - DATE AND TIME OF LATEST TRANSACTION
control field 20100331132700.0
008 - FIXED-LENGTH DATA ELEMENTS--GENERAL INFORMATION
fixed length control field s1977 j 000 0 eng u
020 ## - INTERNATIONAL STANDARD BOOK NUMBER
International Standard Book Number 0912376198
040 ## - CATALOGING SOURCE
Transcribing agency
100 1# - MAIN ENTRY--PERSONAL NAME
Personal name Thomas, Tay.
245 10 - TITLE STATEMENT
Title My war with worry.
260 ## - PUBLICATION, DISTRIBUTION, ETC. (IMPRINT)
Place of publication, distribution, etc [Lincoln, VA.], :
Name of publisher, distributor, etc Chosen Books
Date of publication, distribution, etc 1977
300 ## - PHYSICAL DESCRIPTION
Extent 154 p. : illus. ;
Dimensions 23 cm.
650 ## - SUBJECT ADDED ENTRY--TOPICAL TERM
Topical term or geographic name as entry element Anchorage (Alaska)
General subdivision Earthquake, 1964
-- Personal Narratives.
650 ## - SUBJECT ADDED ENTRY--TOPICAL TERM
Topical term or geographic name as entry element Episcopalians
General subdivision Biography
650 ## - SUBJECT ADDED ENTRY--TOPICAL TERM
Topical term or geographic name as entry element Pentecostalism
650 ## - SUBJECT ADDED ENTRY--TOPICAL TERM
Topical term or geographic name as entry element Thomas, Tay.
942 ## - ADDED ENTRY ELEMENTS (KOHA)
Source of classification or shelving scheme
Koha item type Books
Copies
Copy number Lost status Withdrawn status Koha item type Date acquired Source of classification or shelving scheme Full call number Date last seen Barcode Price effective from Permanent Location Damaged status Shelving location Not for loan
1  Books2010-04-14 BX 5995 .T4 A332010-04-14115272010-04-14RHEMA Bible Training College General Stacks